| 000 | 00720nam a2200193 i 4500 | ||
|---|---|---|---|
| 001 | 49255 | ||
| 003 | ES-MaACL | ||
| 005 | 20231224062921.0 | ||
| 007 | t| | ||
| 008 | 030711s1892 sp ||||1| spa d | ||
| 100 | 1 |
_aCortejarena y Aldebó, Francisco de, _d1835-1919 _9145203 |
|
| 245 | 1 | 0 |
_aDe l'intervention de la chirurgie dans la gynecologie moderne _b: reflexions cliniques / _cpar F. de Cortejarena. |
| 260 |
_aMadrid : _b[s.n.], _c1892 ( _fImpr. de Enrique Teodoro) |
||
| 300 |
_a29 p. ; _c20 cm. |
||
| 594 | _aPrecede al tít.: Congrès International de Gynécologie et d'Obstétrique, Bruxelles, 1892. | ||
| 650 | 0 | 4 |
_aGinecología. _913119 |
| 852 |
_aES-MaACL _jT-716-F-6 |
||
| 999 |
_c49255 _d49255 |
||